000 01075cam a22002771i 4500
003 SA-RiAUC
005 20250213092813.0
008 250201s1996 ua g i000r0 ara c
040 _aSA-RiAUC
_bara
_cSA-RiAUC
_erda
082 0 4 _a251.03
_qSA-RiAUC
090 _a251.03
_b ج م ع
100 1 _aجمعة، علي،
_d1952-
_eمؤلف.
245 1 2 _aالمصطلح الأصولي ومشكلة المفاهيم /
_cعلي جمعة محمد.
250 _aالطبعة الأولى.
264 1 _aالقاهرة :
_bالمعهد العالمي للفكر الإسلامي،
_c1996
300 _a64 صفحة ؛
_c24 سم.
336 _aنص
_btxt
_2rdacontent
_3كتاب
337 _aبدون وسيط
_bn
_2rdamedia
338 _aمجلد
_bnc
_2rdacarrier
490 0 _aسلسلة المفاهيم والمصطلحات ؛
_v2
650 7 _aالقياس (أصول فقه)
_2aucsh
650 7 _aأصول الفقه الإسلامي
_vمصطلحات
_2aucsh
942 _2ddc
_cBOOK
_n0
949 _aSA-JeALM
_d250201
_umohamedma123
_n1
999 _c5911
_d5911